01441nam a2200373Ia 4500001001200000003000800012006001900020007001500039008004100054010001700095020001500112020002700127020002200154040002100176035002100197050002500218082001600243100003000259245014400289260004400433300002400477504006600501533015200567650003200719650001500751650002700766650003800793650002100831650001800852650002500870655002900895710001700924856012600941ebr10056101CaPaEBRm u cr cn|||||||||970509s1998 enka sb 001 0 eng d z 97014825  z020313396X z0415158796 (hardbound) z041515880X (pbk.) aCaPaEBRcCaPaEBR a(OCoLC)56051739314aQP278.5b.G73 1998eb04a612.6/22211 aGrant, Valerie J.,d1937-10aMaternal personality, evolution, and the sex ratioh[electronic resource] :bdo mothers control the sex of the infant? /cValerie J. Grant. aLondon ;aNew York :bRoutledge,c1998. avii, 222 p. :bill. aIncludes bibliographical references (p. 201-213) and indexes. aElectronic reproduction.bPalo Alto, Calif. :cebrary,d2009.nAvailable via World Wide Web.nAccess may be limited to ebrary affiliated libraries. 0aSex determination, Genetic. 0aSex ratio. 0aDominance (Psychology) 0aPregnancyxPsychological aspects. 0aHuman evolution. 0aTestosterone. 0aMothersxPsychology. 7aElectronic books.2local2 aebrary, Inc.40uhttp://site.ebrary.com/lib/rucke/Doc?id=10056101zAn electronic book accessible through the World Wide Web; click to view